| 000 | 00416nam a2200121Ia 4500 | ||
|---|---|---|---|
| 008 | 200925s9999 xx 000 0 und d | ||
| 020 | _a978-621-406-158-7 | ||
| 100 | _aClaravall, Drolly P. | ||
| 245 |
_cDrolly P. Claravall.-- _aPhysical Education 1 : _bMovement Enhancement / |
||
| 260 |
_aManila : _bMindshapers Co., In. _c2018 |
||
| 300 |
_aviii , 106 pages : _billustrations ; _c23 cm. |
||
| 650 | _aPhysical education | ||
| 999 |
_c364496 _d364496 |
||